ბათუმის შოთა რუსთაველის სახელმწიფო უნივერსიტეტის ბიბლიოთეკა

ქართული ქრისტიანული ხელოვნების სათავეებთან / (ბიბ.ჩანაწერი № 53169)

000 -ლიდერი
ფიქსირებული სიგრძის საკონტროლო ველი 01628nam a2200313Ia 4500
001 - საკონტროლო ნომერი
საკონტროლო ველი 20208
003 - საკონტროლო ნომრის იდენტიფიკატორი
საკონტროლო ველი GE_BSU
005 - ბოლო ოპერაციის თარიღი და დრო
საკონტროლო ველი 20200613222138.0
008 - ფიქსირებული სიგრძის მონაცემთა ელემენტები - ზოგადი ინფორმაცია
ფიქსირებული სიგრძის საკონტროლო ველი 181216s2014||||ge |||||||||||||| ||geo||
040 ## - კატალოგიზაციის წყარო
Transcribing agency GE_BSU
041 ## - ენის კოდი
Language code of text/sound track or separate title geo
080 ## - უნივერსალური ათობითი კლასიფიკაციის ინდექსი
Universal Decimal Classification number 27-523.4+75.046(479.22) მ-42
100 ## - მთავარი ჩანაწერი - პიროვნების სახელი
Personal name მაჩაბელი, კიტი.
9 (RLIN) 8335
245 ## - ცნობა სათაურის შესახებ
Title ქართული ქრისტიანული ხელოვნების სათავეებთან /
Statement of responsibility, etc კიტი მაჩაბელი ; რედ. როინ მეტრეველი.
264 ## - წარმოების, გამოცემის, დისტრიბუციის და სხვა ცნობები
გამოცემის, წარმოების, დისტრიბუციის... ადგილი თბილისი :
გამოცემის, წარმოების, დისტრიბუციის... სახელწოდება გ.გ.,
გამოცემის, წარმოების, დისტრიბუციის... თარიღი 2014
300 ## - ფიზიკური აღწერა
Extent 288 გვ. :
Other physical details ილ., ფოტ. ;
Dimensions 24 სმ.
500 ## - ზოგადი შენიშვნა
General note ილუსტრაციების სია : გვ. 286-287
500 ## - ზოგადი შენიშვნა
General note შენიშვნები : გვ. 261-285
653 ## - INDEX TERM--UNCONTROLLED
Uncontrolled term რელიგია
653 ## - INDEX TERM--UNCONTROLLED
Uncontrolled term არქიტექტურა
653 ## - INDEX TERM--UNCONTROLLED
Uncontrolled term ქართული ეკლესია-მონასტრების არქიტექტურა
653 ## - INDEX TERM--UNCONTROLLED
Uncontrolled term ქართული ქვასვეტები
653 ## - INDEX TERM--UNCONTROLLED
Uncontrolled term ქართული ორნამენტები
653 ## - INDEX TERM--UNCONTROLLED
Uncontrolled term ქართული რელიეფები
653 ## - INDEX TERM--UNCONTROLLED
Uncontrolled term ქვაჯვარის რელიეფების იკონოგრაფია
700 ## - ADDED ENTRY--PERSONAL NAME
Personal name მეტრეველი, როინ
Relator term რედაქტორი
9 (RLIN) 8378
710 ## - ADDED ENTRY--CORPORATE NAME
Corporate name or jurisdiction name as entry element საქართველოს მეცნიერებათა ეროვნული აკადემია
9 (RLIN) 1136
942 ## - ADDED ENTRY ELEMENTS (KOHA)
Koha item type წიგნი
Source of classification or shelving scheme
ეგზემპლარები
ჩამოწერის სტატუსი დაკარგული ეგზემპლარის სტატუსი კლასიფიკაციის წყარო ან თაროზე გაწყობის სქემა დაზიანების სტატუსი არ გაიცემა მუდმივი მდებარეობა (დაცვის ადგილი) ამჟამინდელი ადგილსამყოფელი თაროზე განთავსების ადგილი შეძენის თარიღი სრული შენახვის შიფრი შტრიხკოდი ბოლო ოპერაციის თარიღი ეგზემპლარის მიმდევრობითი ნომერი (კეტერი?) ფასის ძალაში შესვლის თარიღი ეგზემპლარის სახეობა
          ბათუმის შოთა რუსთაველის სახელმწიფო უნივერსიტეტის მთავარი ბიბლიოთეკა ბათუმის შოთა რუსთაველის სახელმწიფო უნივერსიტეტის მთავარი ბიბლიოთეკა წიგნსაცავი 2018-12-17 27-523.4+75.046(479.22) მ-42 52781 2018-12-17 52781 2018-12-17 წიგნი